Poets of Our Time (Record no. 59604)

MARC details
000 -LEADER
fixed length control field 00407nam a2200145Ia 4500
008 - FIXED-LENGTH DATA ELEMENTS--GENERAL INFORMATION
fixed length control field 211109s9999||||xx |||||||||||||| ||und||
082 ## - DEWEY DECIMAL CLASSIFICATION NUMBER
Classification number 821
Item number RIC-P
100 ## - MAIN ENTRY--PERSONAL NAME
Personal name Rica, Brenner
245 #0 - TITLE STATEMENT
Title Poets of Our Time
260 ## - PUBLICATION, DISTRIBUTION, ETC.
Name of publisher, distributor, etc. Harcourt Brace K\jovanovich Inc.
Place of publication, distribution, etc. New York
Date of publication, distribution, etc. 1941
300 ## - PHYSICAL DESCRIPTION
Extent 411p.
630 ## - SUBJECT ADDED ENTRY--UNIFORM TITLE
General subdivision GENERAL STACK
650 ## - SUBJECT ADDED ENTRY--TOPICAL TERM
Topical term or geographic name entry element English Literature
942 ## - ADDED ENTRY ELEMENTS (KOHA)
Koha item type BOOK
650 ## - SUBJECT ADDED ENTRY--TOPICAL TERM
Form subdivision English Poetry
General subdivision LiteratureEnglish
Holdings
Withdrawn status Lost status Damaged status Not for loan Home library Current library Date acquired Cost, normal purchase price Total Checkouts Full call number Barcode Shelving location Date last seen Price effective from Koha item type
        SB LIBRARY SB LIBRARY 09/11/2021 100.00   821 RIC-P 00043008 GENERAL STACK 09/11/2021 09/11/2021 BOOK

Powered by Koha